Programová podpora navrhovania a projektovania počítačových sietí /
Guardado en:
| Autor principal: | |
|---|---|
| Otros Autores: | |
| Formato: | Manuscrito Libro |
| Lenguaje: | eslovaco |
| Publicado: |
Bratislava :
Slovenská technická univerzita v Bratislave
1996,
|
| Materias: | |
| Etiquetas: |
Sin Etiquetas, Sea el primero en etiquetar este registro!
|
MARC
| LEADER | 00000ntm a22000003a 4500 | ||
|---|---|---|---|
| 001 | 0065258 | ||
| 003 | SK-STU | ||
| 005 | 20180525161837.4 | ||
| 007 | ta | ||
| 008 | 180525s2018----xo-----f-mn---000-0-slo-d | ||
| 040 | |a STU |b slo | ||
| 041 | 0 | |a slo | |
| 044 | |a xo |c SK | ||
| 100 | 1 | |a Červenec, Jozef |4 aut | |
| 245 | 1 | 0 | |a Programová podpora navrhovania a projektovania počítačových sietí / |c aut. Jozef Červenec ; škol. Pavel Čičák |
| 260 | |c 1996, |a Bratislava : |b Slovenská technická univerzita v Bratislave | ||
| 650 | 0 | 7 | |a počítačové siete |
| 700 | 1 | |a Čičák, Pavel, |d 1955- |u 070100 |r Z1 |4 ths |U FIIT Fakulta informatiky a informačných technológií |T FIIT Ústav počítačových systémov a sietí |X 1926 |U I100 |Y 178 |7 1926 | |
| 996 | |c I*DP48/96 |l II680 |s P |a 0 |w 0065258_0001 | ||